[Event "London League"]
[Site "?"]
[Date "1977.11.24"]
[Round "?"]
[White "Alan Marshall,  (White)"]
[Black "Simon Knott,  (Black)"]
[Result "1-0"]
[WhiteElo "188"]
[BlackElo "181"]
[Annotator "First Rank"]
[PlyCount "60"]
[SourceVersionDate "2020.02.28"]

1. e4 e6 2. d4 d5 3. Nc3 Bb4 4. exd5 exd5 5. Bd3 Nc6 6. Nge2 Nge7 7. O-O Bf5 8.
Ng3 Bxd3 9. Qxd3 O-O 10. Nce2 Re8 11. c3 Bd6 12. Bf4 Qd7 13. Rae1 Rad8 14. Bxd6
Qxd6 15. f4 Kh8 16. f5 $1 {A fine move gaining oceans of space on the K-side.
White is ready to let the pawn go eventually, by which time he will have
profited from the extra space by a strong attack.} Ng8 17. Nh5 Qh6 18. Nhf4 Nf6
19. Rf3 Re4 20. Ref1 Rde8 21. Rh3 Qg5 22. Rg3 Qxf5 23. Rgf3 {Avoiding the trap!
} (23. Ng6+ $2 fxg6 24. Rxf5 gxf5 25. Kf2 Rxe2+ 26. Qxe2 Rxe2+ 27. Kxe2 $19 {
when the Black knights outplay the rook in the ending.}) 23... Qd7 24. Ng3 Re1
25. Nfh5 Nxh5 26. Nxh5 f6 27. Rg3 Rxf1+ 28. Qxf1 Rg8 29. Nxf6 $1 Qd8 ({Of
course} 29... gxf6 30. Qxf6+ {wins for White.}) 30. Nxg8 Kxg8 {...and Black
resigned. White is the clear exchange ahead and could continue 31 Qb5 winning
a pawn.} 1-0

[Event "London League"]
[Site "London"]
[Date "1977.12.09"]
[Round "?"]
[White "Philip Gasper,  (White)"]
[Black "Graham Speed,  (Black)"]
[Result "1-0"]
[WhiteElo "192"]
[BlackElo "193"]
[Annotator "Philip Gasper"]
[PlyCount "59"]
[EventDate "1977.12.09"]
[SourceVersionDate "2020.02.28"]
[WhiteTeam "W&W 1"]
[BlackTeam "Mitcham"]

1. Nf3 g6 2. c4 Bg7 3. Nc3 d6 4. d4 Nf6 5. e4 O-O 6. Be2 e5 7. O-O Nc6 8. d5
Ne7 9. Bd2 Ne8 10. Rc1 h6 11. b4 f5 12. exf5 gxf5 13. Qb3 Ng6 14. c5 Kh8 15.
cxd6 $2 {This allows Black to win a pawn (much good may it do him!). Better
was Rfd1 in preparation.} Nxd6 16. Nb5 Nxb5 17. Bxb5 e4 18. Ne1 c6 $1 {The
d-pawn is pinned on the bishop - hence the need for Rfd1 first.} 19. Bc4 Ne7
20. Bc3 Nxd5 21. Bxg7+ Kxg7 {In compensation for the pawn, White has exposed
the black king and has good chances.} 22. f3 Qb6+ 23. Kh1 Ne3 $6 {Driving the
rook where it wants to go.} 24. Rg1 Bd7 25. Be6 $1 Bxe6 26. Qxe6 Qxb4 {After
this moment of greed, Black has no defence, but White was already making
inroads.} 27. g4 $1 fxg4 28. Nc2 $1 Qd2 (28... Nxc2 {allows} 29. Rxg4+ $18) 29.
Nxe3 h5 30. Nxg4 $1 {White doesn't want the piece, only to open up the g-file.
At this point, BLACK LOST on time when one imagines he was about to resign
anyway. Notes based on comments by Philip Gasper.} 1-0

[Event "Essex League"]
[Site "Wanstead"]
[Date "1977.10.25"]
[Round "?"]
[White "Roy Wagstaff, (White)"]
[Black "G Moscow, (Black)"]
[Result "1-0"]
[WhiteElo "158"]
[BlackElo "163"]
[Annotator "First Rank"]
[PlyCount "85"]
[EventDate "1977.12.09"]
[SourceVersionDate "2020.02.28"]
[WhiteTeam "W&W"]
[BlackTeam "Brentwood"]

1. d4 g6 2. c4 Bg7 3. Nc3 d6 4. e4 f5 5. f4 Nh6 6. e5 O-O 7. Nf3 c6 8. Be2 d5
9. O-O e6 10. Bd2 Na6 11. Rc1 Nc7 12. Qc2 Nf7 13. h3 Bd7 14. Kf2 dxc4 15. Bxc4
Nd5 16. Qb3 Qb6 17. Na4 Qxb3 18. Bxb3 b6 19. Nc3 Rac8 20. a3 Bh6 21. g3 Kh8 22.
Bc4 b5 23. Ba2 Nd8 24. Nxd5 exd5 ({If} 24... cxd5 25. Rxc8 Bxc8 26. Rc1 {
and White reaches the 7th rank.}) 25. Ne1 Ne6 26. Ke3 g5 27. Nd3 Kg7 28. Bb4
Rf7 29. Bb1 a6 30. Bc3 Kh8 31. Rc2 Rg8 32. Rcf2 g4 33. Rh1 Bf8 34. hxg4 Rxg4
35. Kf3 Rfg7 36. Rg2 Nd8 37. Nf2 R4g6 38. Rh5 Rf7 39. Nd1 Rh6 40. Rgh2 Rxh5 41.
Rxh5 Kg7 42. Ne3 Kg6 43. g4 {White's position is now overwhelming.} 1-0

[Event "Essex League"]
[Site "Wanstead"]
[Date "1977.12.12"]
[Round "?"]
[White "Roy Watts,  (White)"]
[Black "Andrew Kinder,  (Black)"]
[Result "0-1"]
[WhiteElo "169"]
[BlackElo "152"]
[Annotator "Andrew Kinder"]
[PlyCount "48"]
[EventDate "1977.12.09"]
[SourceVersionDate "2020.02.28"]
[WhiteTeam "W&W 1"]
[BlackTeam "Upminster 1"]

{Notes by Andrew Kinder.} 1. g3 e5 2. Bg2 d5 3. d3 Nf6 4. Nd2 Be7 5. e4 O-O 6.
Ne2 Nc6 7. O-O Be6 8. f4 $2 {Somewhat premature, loosening his position and
exposing his king to dangerous threats.} dxe4 9. Nxe4 {Both 9 fxe5 and 9 f5
loose a pawn to 9 ...exd3.} {On} Nxe4 10. Bxe4 ({And if now} 10. dxe4 Bc5+ 11.
Kh1 Qxd1 12. Rxd1 Bg4 13. Bf1 ({And if} 13. Re1 Nb4) ({White's best chance is} 
13. Rd2) 13... Bf3+ $19 {wins a piece.}) 10... Bh3 11. Bg2 ({If} 11. Re1 Bc5+
12. Kh1 Bf2 $19) 11... Bc5+ 12. Kh1 (12. d4 Nxd4 13. Bxh3 Nxe2+ $19) 12...
Bxg2+ 13. Kxg2 Qd5+ 14. Kh3 {With White's King on h4 by move 14 the game looks
all over, but how to finish him off? It took me 20 minutes to find...} f5 15.
Nc3 ({Or} 15. fxe5 Nxe5 16. Nf4 (16. d4 Ng4 17. dxc5 Nf2+ $19) 16... Qc6 $19)
15... Qe6 16. Kg2 Rae8 17. fxe5 Nd4 $1 ({Stronger than} 17... Nxe5 18. d4 Rd8
$15 {when White can gain comfort from the complications.} (18... Qc6+ $17)) 18.
Bf4 Qc6+ 19. Kh3 h6 20. g4 g5 21. Bg3 h5 $1 22. gxf5 ({After} 22. gxh5 g4+ 23.
Kh4 Be7#) 22... g4+ 23. Kh4 Rxf5 24. Bf4 ({White loses prettily after} 24. Rxf5
Nxf5+ 25. Kg5 ({If} 25. Kxh5 Qh6+ 26. Kxg4 Ne3+ $19 {etc.}) 25... Qh6+ $1 26.
Kxf5 Rf8+ 27. Ke4 Qc6+ 28. Nd5 Qg6#) 24... Qg2 0-1

[Event "Essex League"]
[Site "?"]
[Date "1978.01.24"]
[Round "?"]
[White "Ian Hunnable,  (White)"]
[Black "Steve Bush,  (Black)"]
[Result "1-0"]
[WhiteElo "174"]
[BlackElo "175"]
[Annotator "Hunnable,Ian"]
[PlyCount "67"]
[EventType "simul"]
[EventRounds "145"]
[SourceVersionDate "2020.02.28"]
[WhiteTeam "W&W"]
[BlackTeam "Barking"]

1. Nf3 g6 2. d4 Bg7 3. e4 d6 4. h3 Nf6 5. Nc3 O-O 6. Bg5 h6 7. Be3 e5 8. dxe5
dxe5 9. Qxd8 Rxd8 10. Bc4 ({If} 10. Nxe5 Nxe4 11. Nxe4 ({Not} 11. Nxf7 Bxc3+
12. bxc3 Kxf7 $19) 11... Bxe5 12. c3 $11) 10... Nc6 11. O-O Ne8 12. Rad1 Nd4
13. Bxd4 exd4 14. Nd5 c6 $2 15. Nf4 b5 (15... Nd6 16. Bd3 $11) 16. Bb3 a5 17.
a3 (17. Nxg6 a4 18. Ne7+ Kf8 19. Nxc6 axb3 20. Nxd8 bxc2 (20... bxa2 21. e5 $16
) 21. Rxd4 Bxd4 22. Nxd4 $16) 17... c5 18. Bd5 Ra6 19. Nd3 c4 $2 {Black cracks.
He had to play ...Bf8 with an even game.} 20. Nde5 Be6 21. Rxd4 Bxd5 (21...
Rad6 22. Bxe6 fxe6 (22... Rxd4 23. Nxd4 Bxe5 24. Bxf7+ Kxf7 25. Nc6 $16) (22...
Bxe5 23. Bxf7+ {etc.}) 23. Rxd6 Rxd6) 22. Rxd5 Rxd5 23. exd5 Rd6 24. Rd1 Nc7 $2
25. a4 $1 bxa4 26. Nxc4 Rxd5 27. Rxd5 $2 $14 (27. Ra1 Na6 28. Rxa4 Nb4 29. c3
Nd3 30. Kf1 $16) 27... Nxd5 28. c3 Nf4 29. Kf1 ({Not} 29. Nxa5 Ne2+ 30. Kf1
Nxc3 31. bxc3 a3 $19) 29... Nd3 30. Ne1 Nxb2 $4 {This no longer works.} (30...
a3 31. bxa3 Nxe1 32. Kxe1 Bxc3+ $11) 31. Nxb2 a3 32. Na4 Kf8 (32... a2 33. Nc2
$18) 33. Nc2 a2 34. Ke1 1-0

[Event "Friendly Fixture"]
[Site "Hastings"]
[Date "1978.03.12"]
[Round "?"]
[White "P Donovan, (White)"]
[Black "Roy Wagstaff, (Black)"]
[Result "1-0"]
[WhiteElo "141"]
[BlackElo "158"]
[Annotator "First Rank"]
[PlyCount "57"]
[EventDate "1977.12.09"]
[SourceVersionDate "2020.02.28"]
[WhiteTeam "Hastings"]
[BlackTeam "W&W"]

1. b3 Nf6 2. Bb2 g6 3. e4 d6 4. g3 e5 5. Bg2 Bg7 6. Ne2 O-O 7. O-O c6 8. d4 Qe7
9. Nbc3 Nbd7 10. Qd2 exd4 11. Nxd4 Nc5 12. Rfe1 Be6 13. Nd5 Qd7 (13... cxd5 14.
exd5 Nxd5 15. Bxd5 $16) (13... Qd8 14. Nf4 $14) 14. Nf5 (14. Nxe6 fxe6 (14...
Qxe6 15. Nc7 $18) 15. Nxf6+ Bxf6 16. Bxf6 Rxf6 17. b4 Na4 18. e5 Rff8 19. exd6
$18) 14... cxd5 (14... Ncxe4 15. Nde7+ Kh8 16. Nxg7 Nxd2 17. Bxf6 Qxe7 18. Bxe7
Kxg7 19. Bxf8+ Kxf8 20. Red1 $18) 15. Nxg7 Ncxe4 16. Bxe4 Nxe4 17. Rxe4 dxe4
18. Bf6 e3 19. Qxe3 Bh3 20. Qh6 Qc6 21. Qxh3 d5 22. Qh4 Rfe8 23. Nf5 Re4 24.
Ne7+ Rxe7 25. Bxe7 Re8 26. Re1 Qc3 $2 27. Re2 Qc6 28. Qh6 Qd7 29. Bf6 1-0

[Event "Essex League"]
[Site "Upminster"]
[Date "1977.12.12"]
[Round "?"]
[White "Paul Smith, (White)"]
[Black "KW Spurgeon, (Black)"]
[Result "1-0"]
[WhiteElo "172"]
[BlackElo "179"]
[PlyCount "61"]
[EventDate "1977.12.09"]
[SourceVersionDate "2020.02.28"]
[WhiteTeam "Upminster 1"]
[BlackTeam "W&W 1"]

1. e4 g6 2. d3 Bg7 3. g3 d6 4. Bg2 Nf6 5. Nf3 O-O 6. O-O c5 7. Nbd2 Nc6 8. a4
Bd7 9. Nc4 Qc7 10. h3 Rab8 11. Re1 e5 12. Nfd2 b6 13. Nb1 Be6 14. Ne3 Qd7 15.
Kh2 Ne7 16. f4 exf4 17. gxf4 d5 18. e5 Nh5 19. Ng4 Nf5 20. Nc3 Qd8 21. Qf3 Nh4
22. Qf2 Nxg2 23. Qxg2 Qh4 24. Re2 d4 25. Ne4 Bd5 26. f5 Rfe8 27. f6 Bf8 28. Bd2
Rxe5 29. Be1 Bxe4 30. Rxe4 Rxe4 31. Bxh4 1-0

[Event "Essex League"]
[Site "Ilford"]
[Date "1978.04.07"]
[Round "?"]
[White "Harry Woolverton, (White)"]
[Black "Philip Gasper, (Black)"]
[Result "0-1"]
[WhiteElo "172"]
[BlackElo "192"]
[Annotator "Philip Gasper"]
[PlyCount "66"]
[EventDate "2020.03.31"]
[SourceVersionDate "2020.02.28"]
[WhiteTeam "Ilford 1"]
[BlackTeam "W&W 1"]

1. d4 c5 2. d5 Nf6 3. c4 b5 {Benko's gambit. This was Philip's first game with
the line.} 4. a4 {This is apparently a recommendation of Leonard Barden's.}
bxc4 5. Nc3 d6 6. e4 g6 7. Bxc4 Bg7 8. Nf3 O-O 9. O-O Nfd7 {Aiming for e5.
Black also has in mind playing ...Ba6, but if he plays this immediately he
loses the chance to play his knight to e5, e.g.:} (9... Ba6 10. Nd2 Nfd7 11. f4
$11) 10. Be3 Ba6 11. Bxa6 Nxa6 12. Qe2 Nb4 13. a5 f5 14. Ng5 Qc8 15. Ne6 Rf7
16. Nxg7 Kxg7 17. f4 Qa6 18. Qf3 Nc2 19. exf5 $5 {White prefers to take his
chances against the Black king.} ({If} 19. Ra4 Rb8 20. exf5 Rxb2 21. fxg6 hxg6
$11) ({Or} 19. Rac1 Nb4 20. exf5 Rxf5 $11) 19... Nxa1 20. fxg6 hxg6 21. Rxa1
Rb8 22. Ne4 {After-game analysis, in the pub, suggested 22 Qh3 caused more
trouble, in view of 22 ...Nf6 f5!} (22. Qh3 Nf6 (22... Nf8 $17 {- Andrew
Kinder.}) ({But the "2020 engine" says:} 22... Rxb2 $1 23. f5 ({if} 23. Qxd7
Qd3) 23... Rxf5 24. Ne4 Qe2 25. Qh6+ Kf7 26. Ng5+ Rxg5 27. Qxg5 Nf6 $19) 23. f5
$1 {and if} Rh8 24. Qg3 {is awkward. But} Qc4 $1 $11) 22... Rxb2 23. Ng5 Qe2 $1
{By handing back the material, Black can nullify White's pressure and convert
to a winning ending.} 24. Qh3 Nf6 25. Nxf7 Kxf7 26. Rf1 Qg4 {Forcing the
queen's off, after which White has no counterplay.} 27. Qxg4 Nxg4 28. Bc1 Ra2
29. f5 Rxa5 30. fxg6+ Kxg6 31. Bb2 Ra2 32. Bc1 Nf6 33. Rd1 Ra1 {The d-pawn
falls and White resigns. Notes expanded form comments by Philip Gasper. 21st
century analysis inter-woven.} 0-1

[Event "London League"]
[Site "London"]
[Date "1978.02.10"]
[Round "?"]
[White "Paul Smith, (White)"]
[Black "John Branford, (Black)"]
[Result "1-0"]
[WhiteElo "172"]
[BlackElo "188"]
[Annotator "First Rank"]
[PlyCount "49"]
[EventDate "1978.04.13"]
[EventType "simul"]
[EventRounds "145"]
[SourceVersionDate "2020.02.28"]
[WhiteTeam "W&W 1"]
[BlackTeam "Wimbledon"]

1. e4 e6 2. d3 d5 3. Nd2 Nf6 4. Ngf3 c5 5. g3 Nc6 6. Bg2 Be7 7. O-O O-O 8. e5
Nd7 9. Re1 b5 10. h4 a5 11. Nf1 b4 12. Bf4 a4 13. N1h2 a3 14. b3 Ba6 15. Ng5
Rc8 16. Qh5 Bxg5 {If 16 ...h6 White merely retreats the knight, plays the
other knight to g4 with a sacrificial attack on the h6 point.} 17. hxg5 Nd4 18.
Rac1 Kh8 19. Ng4 Qe8 20. Qh3 Rg8 21. f3 c4 22. Kf2 cxd3 23. g6 fxg6 ({If} 23...
h6 {simply} 24. Nxh6 $18) 24. Qxh7+ $1 Kxh7 25. Rh1# 1-0

[Event "Essex League"]
[Site "Ilford"]
[Date "1978.03.22"]
[Round "?"]
[White "Ian Watson, (White)"]
[Black "Percy Cook, (Black)"]
[Result "1-0"]
[WhiteElo "201"]
[BlackElo "174"]
[Annotator "Ian Watson"]
[PlyCount "48"]
[EventDate "1978.04.13"]
[EventType "simul"]
[EventRounds "145"]
[SourceVersionDate "2020.02.28"]
[WhiteTeam "Ilford 1"]
[BlackTeam "W&W 1"]

1. Nc3 Nf6 2. d4 d5 3. Bg5 h6 4. Bxf6 exf6 5. Nf3 c6 6. e4 Bb4 7. Bd3 O-O 8.
O-O Re8 9. Re1 dxe4 10. Rxe4 Rxe4 11. Nxe4 Bg4 12. c3 Bf8 13. h3 Bxf3 14. Qxf3
Nd7 15. Qf5 Be7 ({Not} 15... g6 $4 16. Qxd7 Qxd7 17. Nxf6+ $18) 16. Re1 Nf8 17.
Re3 Qd7 18. Ng3 Rd8 ({If} 18... Qxf5 19. Nxf5 Bd8 20. Re8 $18 {wins quickly.})
19. Qh5 Ne6 20. Nf5 Bf8 21. Rg3 Kh8 22. Nxh6 Ng5 ({Not} 22... gxh6 23. Qf5 Ng5
24. Rxg5 Qxf5 25. Rxf5 $18) 23. Nxf7+ Kg8 24. Nxg5 fxg5 {Whereupon, White
precipitated Black's resignation by announcing mate in three by 25 Bh7+ Kh8 26
Bg6+ Kg8 27 Qh7#} 1-0

[Event "Essex League"]
[Site "Wanstead"]
[Date "1978.03.22"]
[Round "?"]
[White "Philip Gasper, (White)"]
[Black "P Gordon Smith, (Black)"]
[Result "1-0"]
[WhiteElo "192"]
[BlackElo "176"]
[Annotator "Philip Gasper"]
[PlyCount "52"]
[EventDate "1978.04.13"]
[EventType "simul"]
[EventRounds "145"]
[SourceVersionDate "2020.02.28"]
[WhiteTeam "W&W 1"]
[BlackTeam "Harlow"]

1. c4 c5 2. Nf3 Nf6 3. Nc3 Nc6 4. e3 g6 {This is slightly better for White.
Preferable is ...e6 or ...d5.} 5. d4 cxd4 {Here, ...d6 is an improvement.} 6.
exd4 d5 7. cxd5 Nxd5 8. Qb3 e6 ({...e6 is forced anyway after} 8... Nxc3 9. Bc4
$1 {...since} Ne4 10. Bxf7+ Kd7 11. Qe6+ {is disastrous for Black.}) 9. Bg5 f6
10. Bd2 {White's careful probing has forced Black to weaken his K-side which
is now vulnerable to direct attack.} Bg7 11. Bc4 Nce7 12. h4 O-O 13. h5 g5 14.
h6 Bh8 15. O-O-O a6 {A token attempt only. White's K-side action is far to
advanced to allow Black's Q-side action to catch up.} 16. Rh5 b5 17. Bxd5 {
The normal consideration in this type of game, to preserve the white-squared
bishop, gives way to the need to clear lines to the black king.} Nxd5 18. Nxg5
$1 fxg5 ({After} 18... Nxc3 19. Qxc3 {wins just the same.}) 19. Rxg5+ Kf7 20.
Nxd5 exd5 21. Rxd5 Be6 22. Rxd8 Bxb3 23. Rxf8+ Rxf8 24. axb3 Bxd4 25. Bb4 Rc8+
26. Kb1 Rd8 {...and Black resigned. Notes expanded from brief comments by
Philip Gasper.} 1-0

[Event "W&W Ch"]
[Site "Wanstead"]
[Date "1978.01.03"]
[Round "3"]
[White "Ian Hunnable, (White)"]
[Black "Simon Lee, (Black)"]
[Result "1-0"]
[WhiteElo "174"]
[BlackElo "103"]
[Annotator "Ian Hunnable"]
[PlyCount "115"]
[EventDate "1978.01.03"]
[SourceVersionDate "2020.02.28"]

{Notes by Ian Hunnable.} 1. Nf3 c5 2. c4 d6 3. Nc3 Nf6 4. d4 cxd4 5. Nxd4 g6 6.
e4 Bg7 7. h3 O-O 8. Be3 Nc6 9. Be2 Bd7 10. O-O Rc8 {More consistent with ...
Bd7 is ...Rb8, planning an eventual ...b5.} 11. f4 Qb6 {Well spotted.Black
threatens ...Nxe4 winning a pawn. It is hard for him that White has a solid
reply.} 12. Qd3 Nb4 (12... Qxb2 13. Rab1 Qa3 14. Rxb7 $14) 13. Qd2 Qd8 {
Black retreats im face of the threat Ne6.} 14. a3 Nc6 15. b4 {Simon confessed
himself a little put out by this, having been briefed that I am not an
attacking player!} Re8 16. Rad1 a6 17. Qd3 Kh8 $2 {Black has left f7 without
support, giving White an extra lever in pressing his attack.} 18. Nf3 Qc7 19.
Ng5 Rf8 20. Nd5 Nxd5 21. Qxd5 Be8 22. b5 {Driving the knight away from the
centre before playing f5, so as not to allow ...Ne5.} Nb8 {A far-sighted
retreat, allowing the knight to come to the excelent defensive post at f6.} 23.
f5 Nd7 24. fxg6 $16 Nf6 25. Qf5 $2 (25. Rxf6 $1 exf6 26. Nxh7 fxg6 (26... Rg8
27. Nxf6 $18) 27. Nxf8 Bxf8 28. Qe6 Kg7 29. Rf1 Be7 30. Bg4 Rb8 31. Bd4 Qd8 32.
Qd5 Bf7 33. Be6 $18) 25... Bd7 26. Qf2 fxg6 27. Bb6 $5 {Chasing the queen
further away from the defence of the K-side} Qb8 28. Qh4 {Threatening 29 e5
dxe5 30 Rxd7.} h6 29. Be3 $2 (29. e5 {as in the previous note.} dxe5 30. bxa6
bxa6 31. c5 $14) 29... Kg8 30. Nf3 g5 {It looks as though White must now
retreat.} 31. Bxg5 $6 {"Forced" or queen retreats allow ...Nxe4 and Black is
winning. But the other capture is correct.} (31. Nxg5 hxg5 32. Qxg5 Be6 33. h4
Nxe4 34. Qg6 Nf6 35. h5 Bf7 36. Qg5 Nh7 37. Qg4 Kh8 38. Bd3 Bg8 39. h6 Be5 $15)
31... hxg5 32. Nxg5 {For his piece, White has two pawns and a bind on the
Black king. Unfortunately, the standard sacrifice in this position, i.e. Rxf6,
is not available as Black can recapture with the rook giving the king a flight
square. So White must add more pieces to the attack. But now Simon started
fighting. [2020 note: the reason for the last remark is shown by the modern
analysis engine: Black has a clear advantage.]} Qa7+ $2 {A surprising check.
But the right way to continue was ...Rc5.} (32... Rc5 $17) 33. Kh1 Qe3 {
Simon banged the queen down in the middle of my position leading me to think
I'd missed something.} 34. Bd3 axb5 $2 {This is actually a serious error.
Black needed to play ...Rc5.} (34... Rc5 35. e5 Qxe5 36. Bh7+ Kh8 37. Bd3+ Kg8
38. Bh7+ $11) 35. e5 $1 {Pawns are not important, it's open lines that are
needed now.} Qxe5 36. Bh7+ ({Better} 36. Rfe1 {so that after, say} Qc3 37. Bh7+
Kh8 38. Bf5+ Kg8 39. Bxd7 Rxc4 {White does not have to expose his King with g4,
but has instead} 40. Be6+ $18) 36... Kh8 37. Bf5+ Kg8 38. Bxd7 Rxc4 $1 39. g4 {
Now we see the point of the previous note. Moreover, White must now take a
risk to keep his Q and N in attack. Amazingly, however, Black does not have a
check.} ({White cannot play} 39. Be6+ {because} Qxe6 40. Nxe6 Rxh4 $19) 39...
Rc2 {Black can do nothing to prevent White's next combination, but his mating
threat looks dangerous.} 40. Be6+ Rf7 41. Bxf7+ Kf8 42. Nf3 {The sealed move
at the end of the first session. Second session.} Qe2 43. Qg3 Kxf7 ({Or} 43...
Ne4 44. Qg1 Nf2+ 45. Rxf2 Qxf2 46. Qxf2 Rxf2 47. Bd5 $18) 44. g5 Ne4 45. Nd4+
Nf2+ ({Black also loses a piece after} 45... Kg6 46. Nxe2 Nxg3+ 47. Nxg3 $18)
46. Kg1 Qe5 47. Qxe5 dxe5 48. Nxc2 Kg6 49. Rxf2 Kxg5 50. Rg2+ Kh6 51. Rxg7 Kxg7
52. Rf1 Kg6 53. Kg2 e6 54. Kg3 Kg7 55. Kg4 Kg6 56. h4 Kg7 57. Kg5 e4 58. h5 1-0

[Event "W&W Ch"]
[Site "Wanstead"]
[Date "1978.04.25"]
[Round "8"]
[White "Ian Hunnable, (White)"]
[Black "Alan Potter, (Black)"]
[Result "1-0"]
[WhiteElo "174"]
[BlackElo "172"]
[Annotator "Ian Hunnable"]
[PlyCount "51"]
[EventDate "1978.04.25"]
[SourceVersionDate "2020.02.28"]

1. d4 c5 2. c4 g6 3. Nf3 Bg7 4. e4 d6 5. h3 Nf6 6. Nc3 O-O 7. Be3 cxd4 {
Best here is ...Qa5.} 8. Nxd4 Nc6 9. Be2 a6 10. O-O Bd7 11. f4 Rc8 12. Qd3 Nxd4
13. Bxd4 Be6 (13... Bc6 14. b4 b5 15. cxb5 axb5 16. Qe3 $14) 14. b3 Qc7 15. Kh1
Bd7 {Alan bravely admits the misplacing of this bishop and tries to rectify
the error,but it is already too late. The plausible ...Nd7 also falls short:} (
15... Nd7 16. Bxg7 Kxg7 17. f5 Ne5 18. Qg3 Bd7 19. Nd5 Qd8 20. Nxe7 $1 {as}
Qxe7 {meets with} 21. f6+ $18) 16. e5 Bf5 ({Of} 16... Ne8 17. Nd5 Qd8 18. Bb6
$18 {wins the exchange.}) 17. Qe3 dxe5 18. fxe5 Nd7 19. Nd5 Qd8 20. Rad1 {
The threat is now 21 Bb6 Nxb6 22 Nxb6 winning the exchange.} Rc6 21. Bf3 {
The last piece falls into place and Black is in zugzwang.} Re6 ({If here} 21...
Qe8 22. Qg5 f6 23. exf6 Nxf6 24. Nxf6+ Bxf6 25. Bxc6 Bxg5 26. Bxe8 $18) 22. Nf4
Rxe5 23. Bxe5 Bxe5 24. Rxd7 Qxd7 ({On} 24... Bxf4 25. Rxd8 Bxe3 26. Rxf8+ Kxf8
27. Bxb7 $18) 25. Qxe5 f6 26. Qd5+ 1-0

[Event "W&W Ch"]
[Site "Wanstead"]
[Date "1978.05.16"]
[Round "?"]
[White "Terry Whitton, (White)"]
[Black "Alan Potter, (Black)"]
[Result "1-0"]
[WhiteElo "173"]
[BlackElo "172"]
[Annotator "First Rank"]
[PlyCount "59"]
[EventDate "1978.04.13"]
[EventType "simul"]
[EventRounds "145"]
[SourceVersionDate "2020.02.28"]

1. Nf3 d6 2. g3 g6 3. Bg2 Bg7 4. c4 e5 5. Nc3 f5 6. d3 Nf6 7. a3 Nc6 8. Rb1 O-O
9. Bd2 a5 10. O-O Bd7 11. Qc1 Rb8 12. Nd5 b6 13. Nxf6+ Bxf6 14. b4 axb4 15.
axb4 b5 16. Bh6 Re8 17. Ng5 Nd4 18. Bd5+ Ne6 19. cxb5 Rxb5 20. Nxe6 Bxe6 21.
Bc6 Rb8 22. Bxe8 Qxe8 23. Qxc7 Rd8 24. Rfc1 Bd5 25. Ra1 g5 {While White has
been spending time putting his rooks on open files, his bishop has become
trapped. Is there any answer to ...Qg6, ?} 26. Ra7 Qg6 27. Qa5 $1 Be6 28. Bg7
$1 {A superb Whittonian wriggle. The bishop on f6 is required to defend the
rook.} ({There was also} 28. Rg7+ Qxg7 29. Bxg7 Kxg7 $18) 28... Rb8 29. Bxf6
Qxf6 30. Qc7 {Black resigns.} 1-0